| 000 | 00876nam a22002532a 4500 | ||
|---|---|---|---|
| 001 | 34629 | ||
| 003 | BD-RjUL | ||
| 005 | 20211209052204.0 | ||
| 008 | 140518s19481940enkd 001 0 eng d | ||
| 035 |
_aOCLC ocm08915521 from D950412M _a(BD-RjUL)34723 |
||
| 040 |
_aMDU _cMDU _dBD-RjUL _beng |
||
| 041 | _aeng | ||
| 082 |
_a305.231 _bBUC 1948 |
||
| 090 |
_aHQ772 _b.B92 1940 |
||
| 100 | 1 |
_aBuhler, Charlotte Malachowski _d1893-1974. _987433 |
|
| 245 | 1 | 4 |
_aThe child and his family / _cby Charlotte Buhler. With the collaboration of Edeltrud Baar ... [et al.] ; translated by Henry Beaumont |
| 260 |
_aLondon : _bRoutledge & Kegan Paul, _c1940 [Impression 1948]. |
||
| 300 |
_aviii, 187 p. : _bcharts. ; _c23 cm |
||
| 504 | _aIncludes index. | ||
| 650 | 0 |
_aChild development _9105347 |
|
| 650 | 0 |
_aParent and child _9105348 |
|
| 650 | 0 |
_aFamilies. _9105349 |
|
| 942 |
_2ddc _cBK |
||
| 999 |
_c34629 _d34629 |
||